000
00396nam a22001697a 4500
003
MPLRDC
005
20220104143116.0
008
210129b ||||| |||| 00| 0 eng d
082
_a
870.57 LDS
100
_a
德莱塞著; 许汝祉译
245
_a
堡垒
_c
260
_a
_b
新月出版社
_c
1961
300
_b
平
490
_a
世界文学译丛
650
_a
942
_c
BK
_o
870.57 LDS
999
_c
36698
_d
36688